000 00500nam a2200241Ia 4500
001 072705
003 YMCAF
005 20230512160811.0
008 100717s9999 ||||||||||||||||| ||und|d
020 _a-
024 _a72705
035 _a12168
040 _aYMCAF
_beng
_cIN-KoLT
041 _aeng
082 _a005.133
_bBAL
100 _aBALAGURUSAMY
245 0 _aOBJECT ORIENTED PROGRAMMING LANGAUAGE
250 _a-
260 _bTMH
653 _a-
653 _a-
942 _2ddc
_cBK
999 _c6543
_d6543